Statistics for People Born in 1963

Click here to take the quiz!

General Stats

  • This quiz has been taken 70 times
  • The average score is 7 of 16

Answer Stats

Answer% Correct
Brad Pitt
88%
Mike Myers
73%
Michael Jordan
71%
Quentin Tarantino
66%
George Michael
59%
Lisa Kudrow
59%
Conan O'Brien
56%
Whitney Houston
39%
Larry the Cable Guy
37%
Vanessa Williams
34%
Greg Kinnear
29%
Dave Foley
22%
Natasha Richardson
15%
Anthony Field
10%
Travis Tritt
10%
Jess Harnell
5%

Score Distribution

Percentile by Number Answered

Percent of People with Each Score

Your Score History

You have not taken this quiz